[Event "WORLD YOUTH CHAMPIONSHIP 2007 (12)"]
[Site "Limra Hotel  -  Kemer/Antalya"]
[Date "2007.11.20"]
[Round "3.10"]
[White "Fernandez, Daniel Howard"]
[Black "Monev, Alexander"]
[Result "0-1"]
[WhiteElo "2102"]
[BlackElo "1962"]
[PlyCount "61"]
[EventDate "2007.11.18"]

1. e4 c5 2. Nf3 e6 3. d4 cxd4 4. Nxd4 Nf6 5. Nc3 d6 6. Be3 Be7 7. Be2 O-O 8.
O-O a6 9. a4 Nc6 10. f4 Qc7 11. Nb3 b6 12. Bf3 Bb7 13. Qe1 Nd7 14. Qf2 Rab8 15.
Rad1 Ba8 16. Rfe1 Nc5 17. Qg3 Bf6 18. Nxc5 bxc5 19. e5 dxe5 20. f5 Nd4 21. Bxa8
Nxf5 22. Qf2 Nxe3 23. Rxe3 Rxa8 24. Qe2 Qc6 25. Red3 Rad8 26. Rxd8 Rxd8 27.
Rxd8+ Bxd8 28. Qxe5 Be7 29. Qe4 Qxe4 30. Nxe4 Kf8 31. Kf1 0-1

[Event "WORLD YOUTH CHAMPIONSHIP 2007 (12)"]
[Site "Limra Hotel  -  Kemer/Antalya"]
[Date "2007.11.21"]
[Round "4.3"]
[White "Monev, Alexander"]
[Black "Bok, Benjamin"]
[Result "1-0"]
[WhiteElo "1962"]
[BlackElo "2116"]
[PlyCount "119"]
[EventDate "2007.11.18"]

1. e4 e5 2. Nf3 Nc6 3. Bb5 a6 4. Ba4 Nf6 5. O-O Be7 6. Re1 b5 7. Bb3 d6 8. c3
O-O 9. d4 Bg4 10. Be3 exd4 11. cxd4 Na5 12. Bc2 c5 13. Nbd2 cxd4 14. Bxd4 Nc6
15. Qb1 Nxd4 16. Nxd4 Qb6 17. Nf5 Bxf5 18. exf5 Rfe8 19. Be4 d5 20. Bf3 Bc5 21.
Rf1 Rad8 22. Nb3 Bd6 23. Qc2 Be5 24. Rac1 Qb8 25. h3 Rc8 26. Qd2 Ne4 27. Bxe4
dxe4 28. Qe2 Bf6 29. Nc5 Qf4 30. g3 Qxf5 31. Nxe4 Bxb2 32. Rxc8 Qxc8 33. Re1 f5
34. Nf6+ Bxf6 35. Qxe8+ Qxe8 36. Rxe8+ Kf7 37. Ra8 b4 38. Rxa6 Be7 39. Kf1 Ke8
40. Ke2 h5 41. h4 f4 42. Ra5 fxg3 43. fxg3 g6 44. Kf3 Kf7 45. Rd5 Ke6 46. Ke4
Bf6 47. Rb5 Bc3 48. Rb6+ Kf7 49. Rc6 Be1 50. Kf3 Kg7 51. Rc1 Bd2 52. Rd1 Bc3
53. Rd3 Be5 54. Ke4 Kf6 55. Rb3 Bd6 56. Kd5 Ke7 57. Kc6 Bb8 58. a4 Ke6 59. a5
Kf5 60. a6 1-0

[Event "WORLD YOUTH CHAMPIONSHIP 2007 (12)"]
[Site "Limra Hotel  -  Kemer/Antalya"]
[Date "2007.11.22"]
[Round "6.6"]
[White "Beradze, Irakli"]
[Black "Monev, Alexander"]
[Result "1/2-1/2"]
[WhiteElo "2104"]
[BlackElo "1962"]
[PlyCount "59"]
[EventDate "2007.11.18"]

1. e4 c5 2. Nf3 e6 3. d4 cxd4 4. Nxd4 Nc6 5. Nb5 d6 6. Bf4 e5 7. Be3 a6 8. N5c3
Nf6 9. Bg5 Be7 10. Bxf6 Bxf6 11. Nd2 Be6 12. Nc4 Nd4 13. Ne3 Qa5 14. Bd3 O-O
15. O-O Rac8 16. Ncd5 Bg5 17. c3 Nc6 18. Nc4 Qd8 19. Ncb6 Rb8 20. Bc4 Kh8 21.
Qd3 g6 22. Bb3 f5 23. f3 Kg7 24. Rad1 f4 25. Kh1 h5 26. Nc4 Rh8 27. Ndb6 Be7
28. Nd5 Bg5 29. Ncb6 Be7 30. Nc4 1/2-1/2

[Event "WORLD YOUTH CHAMPIONSHIP 2007 (12)"]
[Site "Limra Hotel  -  Kemer/Antalya"]
[Date "2007.11.24"]
[Round "7.16"]
[White "Monev, Alexander"]
[Black "Chernyavsky, Alexander"]
[Result "1-0"]
[WhiteElo "1962"]
[BlackElo "2259"]
[PlyCount "59"]
[EventDate "2007.11.18"]

1. e4 e6 2. d4 d5 3. Nd2 Nf6 4. e5 Nfd7 5. c3 c5 6. Bd3 Nc6 7. Ngf3 Qb6 8. O-O
cxd4 9. cxd4 Nxd4 10. Nxd4 Qxd4 11. Nf3 Qb6 12. Qc2 h6 13. Bf4 Bc5 14. a3 a5
15. Rac1 O-O 16. Qd2 f5 17. exf6 Rxf6 18. Ne5 Nf8 19. Ng4 Rf7 20. Bxh6 Bd4 21.
Be3 Bxe3 22. fxe3 Re7 23. Qf2 Bd7 24. Qh4 Rf7 25. Rxf7 Kxf7 26. Rf1+ Ke8 27.
Qf2 Ke7 28. Qf7+ Kd6 29. Qf4+ Ke7 30. Qg5+ 1-0

[Event "WORLD YOUTH CHAMPIONSHIP 2007 (12)"]
[Site "Limra Hotel  -  Kemer/Antalya"]
[Date "2007.11.25"]
[Round "8.10"]
[White "Monev, Alexander"]
[Black "Altarboush, Wared"]
[Result "1-0"]
[WhiteElo "1962"]
[BlackElo "2074"]
[PlyCount "93"]
[EventDate "2007.11.18"]

1. e4 e6 2. d4 d5 3. Nd2 Nf6 4. e5 Nfd7 5. c3 c5 6. Bd3 Nc6 7. Ngf3 Qb6 8. O-O
cxd4 9. cxd4 Nxd4 10. Nxd4 Qxd4 11. Nf3 Qb6 12. Qc2 h6 13. Bf4 Nc5 14. Be3 Qa5
15. b4 Qxb4 16. Rab1 Nxd3 17. Rxb4 Nxb4 18. Qd2 Be7 19. h3 Nc6 20. Rc1 Bd7 21.
Qb2 b6 22. Nd4 Na5 23. Rc7 Nc4 24. Qb3 Nxe5 25. Bf4 Bd8 26. Rb7 Nc4 27. Rxd7
Kxd7 28. Qb5+ Ke7 29. Qc6 Bc7 30. Qxc7+ Kf6 31. Nc6 Rhe8 32. Ne5 Nxe5 33. Bxe5+
Kg6 34. Qc2+ f5 35. Qc7 Rg8 36. Qd7 Rae8 37. Bxg7 a6 38. Be5 b5 39. f4 b4 40.
Qc7 Rc8 41. Qe7 Rce8 42. Qf6+ Kh5 43. Qf7+ Kh4 44. Kh2 Ref8 45. Bf6+ Rg5 46.
Bxg5+ hxg5 47. Qh7# 1-0

[Event "WORLD YOUTH CHAMPIONSHIP 2007 (12)"]
[Site "Limra Hotel  -  Kemer/Antalya"]
[Date "2007.11.26"]
[Round "9.7"]
[White "Pardo Simon, David"]
[Black "Monev, Alexander"]
[Result "0-1"]
[WhiteElo "2173"]
[BlackElo "1962"]
[PlyCount "112"]
[EventDate "2007.11.18"]

1. e4 c5 2. Nf3 e6 3. d4 cxd4 4. Nxd4 Nf6 5. Nc3 d6 6. Be3 a6 7. f3 Be7 8. Qd2
O-O 9. g4 b5 10. h4 Nfd7 11. g5 Ne5 12. f4 Ng4 13. Bh3 Nxe3 14. Qxe3 b4 15.
Nce2 Qa5 16. f5 exf5 17. Bxf5 Qc5 18. Bxc8 Rxc8 19. Nf5 Bf8 20. Rf1 Nd7 21.
Qxc5 Nxc5 22. Nfg3 Re8 23. Rf4 Re5 24. O-O-O Rae8 25. Rdf1 Nxe4 26. Rxf7 Nxg3
27. Nxg3 Re1+ 28. Kd2 Rxf1 29. Rxf1 d5 30. Rf5 Bd6 31. Ne2 Be5 32. b3 g6 33.
Rf3 Rf8 34. Ke3 Rxf3+ 35. Kxf3 Kf7 36. Nc1 Ke6 37. Nd3 Bd6 38. Kg4 a5 39. h5
gxh5+ 40. Kxh5 Kf5 41. Kh6 Be7 42. Kxh7 Bxg5 43. Kg7 Ke4 44. Kf7 Ke3 45. Ke6 d4
46. Kd5 Bf6 47. Nc5 Bh8 48. Kc4 Kd2 49. Kb5 Kxc2 50. Kxa5 Bg7 51. Kb5 Bf8 52.
Ne6 d3 53. Nd4+ Kc3 54. Nf5 d2 55. Ne3 Kd3 56. Nd1 Ke2 0-1

[Event "WORLD YOUTH CHAMPIONSHIP 2007 (12)"]
[Site "Limra Hotel  -  Kemer/Antalya"]
[Date "2007.11.27"]
[Round "10.4"]
[White "Monev, Alexander"]
[Black "Cori, Jorge"]
[Result "1/2-1/2"]
[WhiteElo "1962"]
[BlackElo "2316"]
[PlyCount "95"]
[EventDate "2007.11.18"]

1. e4 e6 2. d4 d5 3. Nd2 c5 4. Ngf3 Nf6 5. exd5 exd5 6. Bb5+ Bd7 7. Bxd7+ Nbxd7
8. O-O Be7 9. dxc5 Nxc5 10. Nb3 Nce4 11. Nfd4 Qd7 12. f3 Nd6 13. Nc5 Qc7 14.
Nd3 O-O 15. c3 Nc4 16. Bf4 Bd6 17. Bxd6 Qxd6 18. Re1 Rfe8 19. b3 Na5 20. Qd2
Nc6 21. Nf5 Qf8 22. Qg5 Kh8 23. Kh1 Rad8 24. Qh4 Nd7 25. Qg3 Nf6 26. Rad1 g6
27. Qh4 Nd7 28. Nd4 Rxe1+ 29. Rxe1 Re8 30. b4 f6 31. Nf4 Rxe1+ 32. Qxe1 Qf7 33.
Nxc6 bxc6 34. Qe6 Qxe6 35. Nxe6 Kg8 36. Kg1 Ne5 37. Nd4 g5 38. g3 a6 39. f4
gxf4 40. gxf4 Nd3 41. Nxc6 Nxf4 42. Kf2 Kf7 43. Nb8 d4 44. Nxa6 dxc3 45. Ke3
Ke7 46. a3 Nd5+ 47. Kd3 f5 48. Nc5 1/2-1/2

[Event "WORLD YOUTH CHAMPIONSHIP 2007 (12)"]
[Site "Limra Hotel  -  Kemer/Antalya"]
[Date "2007.11.28"]
[Round "11.4"]
[White "Bajarani, Ulvi"]
[Black "Monev, Alexander"]
[Result "0-1"]
[WhiteElo "2268"]
[BlackElo "1962"]
[PlyCount "70"]
[EventDate "2007.11.18"]

1. e4 c5 2. b3 e6 3. Bb2 Nc6 4. f4 d6 5. Nf3 Nf6 6. Nc3 Be7 7. Bb5 O-O 8. Bxc6
bxc6 9. O-O d5 10. e5 Nd7 11. d3 Nb6 12. Ne2 Rb8 13. Ba3 d4 14. Ng3 Nd5 15. Bc1
Qc7 16. Qe1 h6 17. Ne4 f5 18. exf6 Nxf6 19. Ne5 Bd6 20. Nc4 Nxe4 21. Qxe4 Bd7
22. Ba3 Bxf4 23. Bxc5 Bxh2+ 24. Kh1 Rf5 25. Rxf5 exf5 26. Qxd4 Re8 27. Bxa7 Re2
28. Bb8 Qxb8 29. Qxd7 Qf4 30. Nd6 Qxd6 31. Qc8+ Kh7 32. Qxf5+ g6 33. Qf7+ Kh8
34. Rf1 Bg3 35. Qf3 Re5 0-1